100 [i.e. cien] obras maestras del Museo del oro de Colombia. (Record no. 10114)

MARC details
000 -CABECERA
campo de control de longitud fija 00907nam a2200229 a 4500
001 - NÚMERO DE CONTROL
campo de control BRL_1302
005 - FECHA Y HORA DE LA ÚLTIMA TRANSACCIÓN
campo de control 20190320211133.0
008 - DATOS DE LONGITUD FIJA--INFORMACIÓN GENERAL
campo de control de longitud fija 030114s1967----mx-o#####c---#000-0#spa-#
041 ## - CÓDIGO DE LENGUA
Código de lengua del texto/banda sonora o título independiente spa
044 ## - CÓDIGO DEL PAÍS DE LA ENTIDAD EDITORA/PRODUCTORA
Código MARC del país mx
050 #4 - SIGNATURA TOPOGRÁFICA DE LA BIBLIOTECA DEL CONGRESO
Número de clasificación F2270.1.G57
Número de documento/Ítem .O27 1967
245 10 - MENCIÓN DE TÍTULO
Título 100 [i.e. cien] obras maestras del Museo del oro de Colombia.
260 ## - PUBLICACIÓN, DISTRIBUCIÓN, ETC.
Lugar de publicación, distribución, etc. México
Nombre del editor, distribuidor, etc. Organismo de Promoción Internacional de Cultura, Secretaría de Relaciones Exteriores ; INAH ; SEP ; Banco de la República de Colombia y su Museo del Oro
Fecha de publicación, distribución, etc. 1967
300 ## - DESCRIPCIÓN FÍSICA
Extensión 34 p.
Otras características físicas il., 23 láminas
Dimensiones 29 cm.
500 ## - NOTA GENERAL
Nota general Au1534
500 ## - NOTA GENERAL
Nota general Estado físico: Pasta desprendida de la parte inferior.
610 24 - PUNTO DE ACCESO ADICIONAL DE MATERIA--NOMBRE DE ENTIDAD CORPORATIVA
Nombre de entidad corporativa o nombre de jurisdicción como elemento de entrada Museo del Oro (Banco de la República)
Subdivisión de forma Catálogos
9 (RLIN) 26431
650 14 - PUNTO DE ACCESO ADICIONAL DE MATERIA--TÉRMINO DE MATERIA
Término de materia o nombre geográfico como elemento de entrada Orfebrería
Subdivisión de forma Catálogos
Subdivisión geográfica Colombia
9 (RLIN) 26432
650 14 - PUNTO DE ACCESO ADICIONAL DE MATERIA--TÉRMINO DE MATERIA
Término de materia o nombre geográfico como elemento de entrada Indígenas de América del Sur
Subdivisión de forma Catálogos
Subdivisión general Orfebrería
Subdivisión geográfica Colombia
9 (RLIN) 26433
902 ## - CATALOGADOR
Iniciales GRL
942 ## - ELEMENTOS DE PUNTO DE ACCESO ADICIONAL (KOHA)
Fuente del sistema de clasificación o colocación Library of Congress Classification
Tipo de ítem Koha Libros
Holdings
Estado de retiro Estado de pérdida Estado dañado No para préstamo Localización permanente Ubicación/localización actual Fecha de adquisición Número de inventario Total de préstamos Signatura topográfica completa Código de barras Fecha visto por última vez Precio válido a partir de Tipo de ítem Koha
El ejemplar forma parte de la colección y puede ser consultado según las políticas vigentes.       Biblioteca Centro de Estudios Ruth D. Lechuga Biblioteca Centro de Estudios Ruth D. Lechuga 03/01/2014 Au1534   F2270.1.G57 .O27 1967 (Au1534) GRL01463 22/03/2019 22/03/2019 Libros